logo

Bir Sreshtho Munshi Abdur Rouf Library
Jhenaidah Cadet College

তিতুমীর / (Record no. 13074)

MARC details
000 -LEADER
fixed length control field 00623nam a2200229 a 4500
001 - CONTROL NUMBER
JCCL Control Number 13074
003 - CONTROL NUMBER IDENTIFIER
JCCL marc code BD-JhCC
005 - DATE AND TIME OF LATEST TRANSACTION
control field 20230617080034.0
008 - FIXED-LENGTH DATA ELEMENTS--GENERAL INFORMATION
fixed length control field 171219s2021 bg |||| |||| 000 0 ben d
020 ## - INTERNATIONAL STANDARD BOOK NUMBER
International Standard Book Number 9789847766690
035 ## - SYSTEM CONTROL NUMBER
system control number (BD-JhCC)13074
040 ## - CATALOGING SOURCE
Original cataloging agency BD-JhCC
Modifying agency BD-JhCC
041 ## - LANGUAGE CODE
Language code of Book bengali
082 ## - DEWEY DECIMAL CLASSIFICATION NUMBER
Author mark and Year HOS 2021
Classification number 923.1
100 ## - MAIN ENTRY--PERSONAL NAME
Personal name হোসেন,আফতাব
245 ## - TITLE STATEMENT
Title তিতুমীর /
Statement of responsibility, etc আফতাব হোসেন।
260 ## - PUBLICATION, DISTRIBUTION, ETC. (IMPRINT)
Place of publication, distribution, etc ঢাকা:
Name of publisher, distributor, etc ঐতিহ্য;
Date of publication, distribution, etc ২০১৬.
300 ## - PHYSICAL DESCRIPTION
Pagination 240 p.;
Dimensions 22 cm
600 ## - SUBJECT ADDED ENTRY--PERSONAL NAME
Personal name Titumir
650 ## - SUBJECT ADDED ENTRY--TOPICAL TERM
Topical term or geographic name as entry element Biography
942 ## - ADDED ENTRY ELEMENTS (KOHA)
Source of classification or shelving scheme Dewey Decimal Classification
Koha item type Books
Koha issues (borrowed), all copies 2
Holdings
Source of classification or shelving scheme Damaged status Not for loan Home library Current library Shelving location Date of accession Cost, normal purchase price Full call number Barcode Date last seen Copy number Method of acquisition Koha item type Currency
Dewey Decimal Classification     JCC Rouf Library JCC Rouf Library General Stacks 06/16/2023 338.00 293.1 HOS 2021 17946 06/16/2023 C-1 Purchase Books BDT

JCC Library | Contacts | JCC Home

Last Update on 23 September 2017
Copyright @ 2017-2020 JCC Rouf Library
Rouf Library, Jhenidah Cadet College (JCC), Bangladesh